000 02023nam a22002057a 4500
005 20250214172437.0
008 250214b |||||||| |||| 00| 0 eng d
040 _cLDD
100 _aPennisi,Sarah
245 _aHow can practitioner action research support the design, implementation, and evaluation of on-campus mental health and addiction services?
260 _aUSA :
_bRoutledge Taylor & Francis Group,
_c2024.
300 _bp.622- 640
490 _aEducational Action Research
_vVol. 32(4)
500 _aIn every sector, the COVID-19 pandemic has highlighted the importance of mental health resources for wellbeing. Although scholars have long recognized the interdependent relationship between academic success and positive mental health, research that can be used to guide mental health service design and delivery in post-secondary institutions is relatively unexplored. Further, the experiences of practitioners, in their day-to-day operations toward understanding and responding to student mental health problems, are an under-recognized source of data that can contribute to more effective planning and implementation. The objective of this project is to use practitioner action research principles to design, implement, and evaluate a mental health and addiction services plan at Brock University in Ontario, Canada. This paper details what occurred in the plan-act-observe-reflect cycles as practitioners gathered qualitative data using interviews and the World Café methodology. Results show improvement in student satisfaction ratings with on-campus mental health services. Our experience reveals that practitioner action research is a useful framework for practitioners seeking a systematic process to contribute to both fields of knowledge and fields of practice.
650 _aMental health
650 _aAction research
700 _aPilato, Kelly A.
856 _yClick here to online access
_uhttps://www.tandfonline.com/doi/full/10.1080/09650792.2023.2229402
942 _2ddc
_cARTICLES
999 _c194892
_d194892